مكتبة جامعة عجلون الوطنية

فهرس بحث المكتبة

Normal view MARC view
  • العلوم الاجتماعية -- السلطة التشريعة

Entry Topical Term

Number of records used in: 1

001 - CONTROL NUMBER

  • control field: 21457

003 - CONTROL NUMBER IDENTIFIER

  • control field: JO-AjAnu

005 - DATE AND TIME OF LATEST TRANSACTION

  • control field: 20230606073722.0

008 - FIXED-LENGTH DATA ELEMENTS

  • fixed length control field: 230606|| aca||aabn | a|a d

040 ## - CATALOGING SOURCE

  • Original cataloging agency: JO-AjAnu
  • Transcribing agency: JO-AjAnu

150 ## - HEADING--TOPICAL TERM

  • Topical term or geographic name entry element: العلوم الاجتماعية -- السلطة التشريعة

670 ## - SOURCE DATA FOUND

  • Source citation: Work cat.: (JO-AjAnu)11023: الشوابكة ، ابراهيم كامل , author 21456, الحصانة البرلمانية " دراسة مقارنة بين الأردن وبريطانيا "